Southville International School and Colleges
Your cart is empty.
  • Cart
  • Lists
    Public lists Eva Luna New books Lux_list list_1
    Your lists Log in to create your own lists
  • Log in to your account
  • Your cookies
  • Search history
Southville International School and Colleges
  • Advanced search
  • Recent comments
  • Most popular
  • Libraries

Log in to your account

Log in with GOOGLE


If you do not have an external account, but do have a local account, you can still log in:

  1. Home
  2. MARC view: Daughter of the mountains /
Normal view MARC view ISBD view

Daughter of the mountains / (Record no. 971)

[ view plain ]
MARC details
000 -LEADER
fixed length control field 00864cam a22002891 4500
001 - CONTROL NUMBER
control field 7414743
003 - CONTROL NUMBER IDENTIFIER
control field OSt
005 - DATE AND TIME OF LATEST TRANSACTION
control field 20140310181650.0
008 - FIXED-LENGTH DATA ELEMENTS--GENERAL INFORMATION
fixed length control field 720113s1948 nyua 000 1 eng
010 ## - LIBRARY OF CONGRESS CONTROL NUMBER
LC control number 48001649
020 ## - INTERNATIONAL STANDARD BOOK NUMBER
International Standard Book Number 0140363351
035 ## - SYSTEM CONTROL NUMBER
System control number (OCoLC)217598
040 ## - CATALOGING SOURCE
Original cataloging agency DLC
Transcribing agency OTifH
Modifying agency WaChenE
-- DLC
042 ## - AUTHENTICATION CODE
Authentication code premarc
050 00 - LIBRARY OF CONGRESS CALL NUMBER
Classification number PZ 7
Item number .R1683Dau 1993
082 ## - DEWEY DECIMAL CLASSIFICATION NUMBER
Classification number KF
Item number R16d 1976
100 1# - MAIN ENTRY--PERSONAL NAME
Personal name Rankin, Louise,
Dates associated with a name 1897-
9 (RLIN) 6920
245 10 - TITLE STATEMENT
Title Daughter of the mountains /
Statement of responsibility, etc illus. by Kurt Wiese.
260 ## - PUBLICATION, DISTRIBUTION, ETC. (IMPRINT)
Place of publication, distribution, etc United State of america:
Name of publisher, distributor, etc Puffin Books,
Date of publication, distribution, etc [c1948].
300 ## - PHYSICAL DESCRIPTION
Extent 191 p. :
Other physical details ill. ;
Dimensions 25 cm.
541 ## - IMMEDIATE SOURCE OF ACQUISITION NOTE
-- 1
562 ## - COPY AND VERSION IDENTIFICATION NOTE
Number of copies for circulation. 1copy available in the collection
650 ## - SUBJECT ADDED ENTRY--TOPICAL TERM
Topical term or geographic name as entry element Fiction
9 (RLIN) 746
700 1# - ADDED ENTRY--PERSONAL NAME
Personal name Wiese, Kurt,
Dates associated with a name 1887-1974.
9 (RLIN) 6921
906 ## - LOCAL DATA ELEMENT F, LDF (RLIN)
a 7
b cbc
c oclcrpl
d u
e ncip
f 19
g y-gencatlg
942 ## - ADDED ENTRY ELEMENTS (KOHA)
Source of classification or shelving scheme Library of Congress Classification
Koha item type
Call number prefix
Holdings
Withdrawn status Lost status Source of classification or shelving scheme Damaged status Home library Current library Shelving location Date acquired Total Checkouts Full call number Barcode Date last seen Copy number Price effective from Koha item type
    Library of Congress Classification   Luxembourg Library Luxembourg Library Kids Fiction Section 04/13/2012   PZ 7 .R1683Dau 1993 2839 08/13/2013 1 10/03/2013 Books

Daughter of the mountains /

APA

Rankin L., Wiese K., . (1948). Daughter of the mountains. United State of america: Puffin Books.

Chicago

Rankin Louise, Wiese Kurt, . 1948. Daughter of the mountains. United State of america: Puffin Books.

Harvard

Rankin L., Wiese K., . (1948). Daughter of the mountains. United State of america: Puffin Books.

MLA

Rankin Louise, Wiese Kurt, . Daughter of the mountains. United State of america: Puffin Books. 1948.

  • Place hold
  • Print
  • Cite
  • Add to your cart (remove)
  • Save record
    BIBTEX Dublin Core MARCXML MARC (non-Unicode/MARC-8) MARC (Unicode/UTF-8) MARC (Unicode/UTF-8, Standard) MODS (XML) RIS
  • More searches
    Search for this title in:
    Other Libraries (WorldCat) Other Databases (Google Scholar) Online Stores (Bookfinder.com) Open Library (openlibrary.org)

Exporting to Dublin Core...

SOUTHVILLE LIBRARY

Southville International School and Colleges Library

1281 Tropical Ave. Cor. Luxembourg St., BF Homes International, Las Pinas City

Tel. No. 8256374 / 252358 Loc. 117/146

Powered by Koha